[Event "Collado Villalba op 40th"]
[Site "Collado Villalba"]
[Date "2023.08.22"]
[Round "1"]
[White "Rodriguez de Robles, Ignacio"]
[Black "Longa Yauca, Javier"]
[Result "0-1"]
[WhiteElo "1843"]
[BlackElo "2183"]
[PlyCount "80"]
[EventDate "2023.08.22"]
[EventType "swiss"]
[EventRounds "9"]
[EventCountry "ESP"]
[SourceTitle "EXT 2024"]
[Source "ChessBase"]
[SourceDate "2023.10.10"]
[SourceVersion "1"]
[SourceVersionDate "2023.10.10"]
[SourceQuality "1"]

1. e4 d6 2. d4 g6 3. Nf3 Bg7 4. Bd3 Bg4 5. c3 Nc6 6. h3 Bxf3 7. Qxf3 e5 8. d5 Nce7 9. Na3 Nf6 10. Bg5 Nd7 11. g4 h6 12. Be3 g5 13. h4 gxh4 14. Rxh4 Nxd5 15. exd5 Qxh4 16. Nb5 Ke7 17. Nxc7 Rac8 18. Nb5 a6 19. Na3 Nf6 20. Bf5 h5 21. g5 Ng4 22. Bxc8 Rxc8 23. 0-0-0 Nxe3 24. Qxe3 Qf4 25. Qxf4 exf4 26. Rh1 Rh8 27. Rh4 f6 28. g6 f5 29. Nc4 Bf6 30. Rh3 h4 31. Kc2 Rg8 32. Nd2 Rxg6 33. Nf3 Rg2 34. Nxh4 Rxf2+ 35. Kb3 Bxh4 36. Rxh4 Kf6 37. c4 f3 38. Rh6+ Ke5 39. Re6+ Kd4 40. Rxd6 Rxb2+ 0-1

[Event "Collado Villalba op 38th"]
[Site "Collado Villalba"]
[Date "2021.08.22"]
[Round "2"]
[White "Semprun Martinez, Fernando M"]
[Black "Rodriguez de Robles, Ignacio"]
[Result "0-1"]
[WhiteElo "2093"]
[BlackElo "1826"]
[PlyCount "118"]
[EventDate "2021.08.21"]
[EventType "swiss"]
[EventRounds "9"]
[EventCountry "ESP"]
[SourceTitle "CBM 204 Extra"]
[Source "ChessBase"]
[SourceDate "2021.11.30"]
[SourceVersion "1"]
[SourceVersionDate "2021.11.30"]
[SourceQuality "1"]

1. e4 b6 2. d4 Bb7 3. Bd3 d6 4. Nf3 Nd7 5. 0-0 e5 6. c3 Be7 7. Nbd2 Ngf6 8. Qe2 0-0 9. a4 a6 10. Nc4 b5 11. Na5 Qc8 12. Nxb7 Qxb7 13. axb5 axb5 14. Rxa8 Rxa8 15. Bxb5 c6 16. Bd3 h6 17. Nh4 exd4 18. cxd4 Qb4 19. Nf5 Bf8 20. Be3 Re8 21. f3 c5 22. dxc5 Nxc5 23. Bd4 Nd5 24. Bc4 Nf4 25. Qc2 g6 26. Ne3 Nce6 27. Qc3 d5 28. Nxd5 Nxd5 29. Bxd5 Nxd4 30. Qxb4 Bxb4 31. Ra1 Bc5 32. Kf1 Rb8 33. Ra2 Nc2 34. Ra5 Bb4 35. Ra7 Ne3+ 36. Ke2 Nxd5 37. exd5 Bc5 38. Ra2 Rb4 39. Kd3 Bd6 40. Kc3 Rb8 41. b3 Bxh2 42. Kc4 Kg7 43. b4 Rb6 44. b5 f5 45. Kb4 Kf6 46. Rc2 Bg1 47. Rc6+ Ke5 48. Ka5 Rxc6 49. dxc6 Kd6 50. Ka6 Kc7 51. Ka5 h5 52. Kb4 Kb6 53. Kc4 Bh2 54. Kd5 Kxb5 55. Ke6 Kxc6 56. Kf6 f4 57. Kxg6 h4 58. Kg5 Bg3 59. Kg4 Kd5 0-1

[Event "Collado Villalba op 38th"]
[Site "Collado Villalba"]
[Date "2021.08.21"]
[Round "1"]
[White "Rodriguez de Robles, Ignacio"]
[Black "Xia, Zhe"]
[Result "1-0"]
[WhiteElo "1826"]
[BlackElo "1253"]
[PlyCount "31"]
[EventDate "2021.08.21"]
[EventType "swiss"]
[EventRounds "9"]
[EventCountry "ESP"]
[SourceTitle "CBM 204 Extra"]
[Source "ChessBase"]
[SourceDate "2021.11.30"]
[SourceVersion "1"]
[SourceVersionDate "2021.11.30"]
[SourceQuality "1"]

1. e4 e5 2. Nf3 Nc6 3. Bb5 Nf6 4. d3 Bc5 5. 0-0 d6 6. h3 h6 7. c3 0-0 8. d4 exd4 9. cxd4 Nxd4 10. Nxd4 Nxe4 11. Nc3 Qh4 12. Nxe4 Qxe4 13. Be3 f5 14. Bd3 Qd5 15. Qc2 Bxd4 16. Bc4 1-0

[Event "Collado Villalba op-A 36th"]
[Site "Collado Villalba"]
[Date "2019.08.31"]
[Round "9"]
[White "Rodriguez de Robles, Ignacio"]
[Black "Mkrtchyan, Levon"]
[Result "0-1"]
[WhiteElo "1795"]
[BlackElo "2148"]
[PlyCount "76"]
[EventDate "2019.08.23"]
[EventType "swiss"]
[EventRounds "9"]
[EventCountry "ESP"]
[SourceTitle "CBM 192 Extra"]
[Source "Chessbase"]
[SourceDate "2019.11.06"]
[SourceVersion "1"]
[SourceVersionDate "2019.11.06"]
[SourceQuality "1"]

1. e4 e6 2. g3 d5 3. e5 c5 4. Nf3 Nc6 5. c3 Qb6 6. Qe2 Bd7 7. d3 Nge7 8. Na3 Ng6 9. Bg2 Qc7 10. d4 cxd4 11. cxd4 Bxa3 12. bxa3 Nxd4 13. Nxd4 Qc3+ 14. Qd2 Qxa1 15. 0-0 Rc8 16. Bb2 Qxa2 17. Ra1 Qc4 18. Bf1 Qa4 19. Re1 0-0 20. h4 Ne7 21. Bd3 Nc6 22. Nf3 h6 23. Bb1 Ne7 24. Kg2 Rc4 25. Nh2 Rfc8 26. Re2 Bb5 27. f3 Nf5 28. Rf2 Rc2 29. Bxc2 Rxc2 30. Qe1 Qb3 31. Bc1 Qc4 32. Bd2 Qd3 33. Bb4 Ne3+ 34. Kh3 Rxf2 35. Qxf2 Qf5+ 36. g4 Qxe5 37. Bc5 d4 38. Qb2 Qxc5 0-1

[Event "Collado Villalba op-A 36th"]
[Site "Collado Villalba"]
[Date "2019.08.28"]
[Round "6"]
[White "Rodriguez de Robles, Ignacio"]
[Black "Renteria Becerra, Jorge Elicer"]
[Result "0-1"]
[WhiteElo "1795"]
[BlackElo "2286"]
[PlyCount "68"]
[EventDate "2019.08.23"]
[EventType "swiss"]
[EventRounds "9"]
[EventCountry "ESP"]
[SourceTitle "CBM 192 Extra"]
[Source "Chessbase"]
[SourceDate "2019.11.06"]
[SourceVersion "1"]
[SourceVersionDate "2019.11.06"]
[SourceQuality "1"]

1. e4 c5 2. Nc3 d6 3. g3 g6 4. Bg2 Bg7 5. Nge2 Nc6 6. d3 Rb8 7. 0-0 b5 8. f4 Bd7 9. h3 b4 10. Nd5 e6 11. Ne3 f5 12. exf5 gxf5 13. Nc4 Qc7 14. Kh1 Nge7 15. Ng1 d5 16. Qh5+ Ng6 17. Ne3 Nce7 18. g4 0-0 19. Ne2 Be8 20. gxf5 Nxf4 21. Qg4 Nxe2 22. Qxe2 d4 23. f6 dxe3 24. fxg7 Rxf1+ 25. Qxf1 Nf5 26. Qe1 Bc6 27. Bxe3 Bxg2+ 28. Kxg2 Qc6+ 29. Kh2 Qd6+ 30. Kg1 Rb7 31. Bf2 Rxg7+ 32. Kh1 Rg6 33. Qe4 Ng3+ 34. Bxg3 Qxg3 0-1

[Event "Collado Villalba op-A 32nd"]
[Site "Collado Villalba"]
[Date "2015.08.29"]
[Round "8"]
[White "Rodriguez de Robles, Ignacio"]
[Black "Antonano Fedz Quincoces, Avelino"]
[Result "1-0"]
[WhiteElo "1932"]
[BlackElo "1970"]
[PlyCount "47"]
[EventDate "2015.08.22"]
[EventType "swiss"]
[EventRounds "9"]
[EventCountry "ESP"]
[SourceTitle "EXT 2016"]
[Source "ChessBase"]
[SourceDate "2015.10.08"]
[SourceVersion "1"]
[SourceVersionDate "2015.10.08"]
[SourceQuality "1"]

1. e4 c5 2. Nf3 g6 3. g3 Nc6 4. Bg2 Bg7 5. c3 e5 6. d3 Nge7 7. Be3 d6 8. Qd2 0-0 9. h4 h5 10. Na3 a6 11. Nc2 b5 12. Nh2 Be6 13. f3 Qd7 14. g4 hxg4 15. fxg4 Bxg4 16. Nxg4 Qxg4 17. Qf2 f6 18. Bf3 Qe6 19. h5 g5 20. h6 Bxh6 21. Bg4 Qf7 22. 0-0-0 Ng6 23. Qh2 Nh4 24. Bf2 1-0

[Event "Collado Villalba op-A 32nd"]
[Site "Collado Villalba"]
[Date "2015.08.22"]
[Round "1"]
[White "Semprun Martinez, Fernando M"]
[Black "Rodriguez de Robles, Ignacio"]
[Result "1-0"]
[WhiteElo "2215"]
[BlackElo "1932"]
[PlyCount "25"]
[EventDate "2015.08.22"]
[EventType "swiss"]
[EventRounds "9"]
[EventCountry "ESP"]
[SourceTitle "EXT 2016"]
[Source "ChessBase"]
[SourceDate "2015.10.08"]
[SourceVersion "1"]
[SourceVersionDate "2015.10.08"]
[SourceQuality "1"]

1. e4 e5 2. Nf3 Nc6 3. Bc4 Bc5 4. c3 d6 5. d4 exd4 6. cxd4 Bb4+ 7. Nc3 h6 8. Qb3 Qe7 9. 0-0 Bxc3 10. bxc3 Nf6 11. e5 Ne4 12. Re1 Bf5 13. Qxb7 1-0

[Event "Collado Villalba op-A 29th"]
[Site "Collado Villalba"]
[Date "2012.08.24"]
[Round "1"]
[White "Gonzalez Mateos, Rafael"]
[Black "Rodriguez de Robles, Ignacio"]
[Result "1-0"]
[WhiteElo "2161"]
[BlackElo "1931"]
[PlyCount "60"]
[EventDate "2012.08.24"]
[EventType "swiss"]
[EventRounds "9"]
[EventCountry "ESP"]
[SourceTitle "CBM 150 Extra"]
[Source "ChessBase"]
[SourceDate "2012.10.19"]
[SourceVersion "1"]
[SourceVersionDate "2012.10.19"]
[SourceQuality "1"]

1. d4 Nf6 2. c3 g6 3. Bg5 Bg7 4. Nd2 d5 5. Ngf3 h6 6. Bf4 0-0 7. e3 Nh5 8. Be5 f6 9. Bg3 Nxg3 10. hxg3 e5 11. Qb3 exd4 12. cxd4 c6 13. Bd3 Qe8 14. 0-0-0 b5 15. Qc2 f5 16. Nh4 Na6 17. a3 Be6 18. g4 c5 19. gxf5 gxf5 20. Kb1 Qd7 21. g4 c4 22. Bxf5 Rfc8 23. Bxe6+ Qxe6 24. Nf5 Bf8 25. g5 h5 26. Rxh5 c3 27. bxc3 Bxa3 28. Rdh1 Nb4 29. Rh8+ Kf7 30. R1h7+ Kg6 1-0